• Eremitas

di Topical Term

Records bibliografici associati: 1

001 - CONTROL NUMBER

  • control field: 51738

003 - CONTROL NUMBER IDENTIFIER

  • control field: IT-RoINE

005 - DATE AND TIME OF LATEST TRANSACTION

  • control field: 20180718091735.0

008 - FIXED-LENGTH DATA ELEMENTS

  • fixed length control field: 180718|| aca||aabn | a|a d

040 ## - CATALOGING SOURCE

  • Original cataloging agency: IT-RoINE
  • Transcribing agency: IT-RoINE

150 ## - HEADING--TOPICAL TERM

  • Topical term or geographic name as entry element: Eremitas
  • Geographic subdivision: Europa
  • General subdivision: Historia
  • Form subdivision: Congresos

670 ## - SOURCE DATA FOUND

  • Source citation: Work cat.: (IT-RoINE)0: Università cattolica del Sacro Cuore. Centro di studi medioevali. Settimana internazionale di studio (2ª. 1962. Passo della Mendola, Roma) 51737, L'Eremitismo in occidente nei secoli XI e XII : , [1965]